[Event "14th IPCA WORLD INDIVIDUAL CHESS CH 201"]
[Site "Apatin - Banja Junakovic"]
[Date "2014.09.16"]
[Round "1.1"]
[White "Venkata, Krishna Karthik K"]
[Black "Balberov, Alexander"]
[Result "1-0"]
[WhiteElo "1967"]
[BlackElo "2380"]
[PlyCount "79"]
[EventDate "2014.09.16"]

1. e4 Nf6 2. e5 Nd5 3. d4 d6 4. Nf3 Bg4 5. Be2 c6 6. O-O Bxf3 7. Bxf3 dxe5 8.
dxe5 e6 9. c4 Ne7 10. Qe2 Nd7 11. Bf4 Ng6 12. Bg3 Qa5 13. Re1 Bb4 14. Nc3 Bxc3
15. bxc3 Qxc3 16. Rab1 Nc5 17. Red1 O-O 18. Be4 Rfd8 19. Bxg6 hxg6 20. Rd6 Rxd6
21. exd6 Rd8 22. Rd1 Rd7 23. Be5 Qa3 24. Bd4 b6 25. Qe5 f6 26. Bxc5 Kf7 27.
Bxa3 fxe5 28. Bb2 e4 29. Kf1 Ke8 30. Ke2 Rf7 31. d7+ Kd8 32. Be5 Rxd7 33. Rxd7+
Kxd7 34. Ke3 c5 35. Kxe4 a6 36. a4 Kc6 37. Bxg7 b5 38. axb5+ axb5 39. cxb5+
Kxb5 40. Ke5 1-0

[Event "14th IPCA WORLD INDIVIDUAL CHESS CH 201"]
[Site "Apatin - Banja Junakovic"]
[Date "2014.09.16"]
[Round "1.2"]
[White "Obodchuk, Andrei"]
[Black "Jennitha, Anto K"]
[Result "1-0"]
[WhiteElo "2370"]
[BlackElo "1953"]
[PlyCount "93"]
[EventDate "2014.09.16"]

1. Nf3 Nf6 2. c4 e6 3. g3 Nc6 4. Bg2 Be7 5. O-O O-O 6. d4 d5 7. b3 b6 8. Bb2
Bb7 9. Nbd2 Re8 10. Rc1 Bf8 11. Qc2 Nb4 12. Qb1 c5 13. a3 Nc6 14. dxc5 bxc5 15.
e3 h6 16. Rfd1 Qe7 17. cxd5 exd5 18. Nh4 Rad8 19. Nf5 Qe6 20. Bh3 Ne4 21. Nxe4
Qxe4 22. Qxe4 dxe4 23. Bf1 Bc8 24. Bb5 Bxf5 25. Bxc6 Rxd1+ 26. Rxd1 Rc8 27. Bb5
Be7 28. Kf1 Rd8 29. Rxd8+ Bxd8 30. Bc4 Kf8 31. Be5 Bb6 32. Bd6+ Kg8 33. Bd5
Bh3+ 34. Ke2 Bg2 35. Kd1 g6 36. Kc2 Kg7 37. Kc3 Kf6 38. b4 cxb4+ 39. axb4 h5
40. Bc5 g5 41. Bxb6 axb6 42. Kd4 Kf5 43. Bxf7 h4 44. Bh5 hxg3 45. hxg3 g4 46.
Kd5 Bf1 47. Be8 1-0

[Event "14th IPCA WORLD INDIVIDUAL CHESS CH 201"]
[Site "Apatin - Banja Junakovic"]
[Date "2014.09.16"]
[Round "1.3"]
[White "Aleksandrova, Aleksandra"]
[Black "Yarmonov, Igor"]
[Result "0-1"]
[WhiteElo "1947"]
[BlackElo "2361"]
[PlyCount "70"]
[EventDate "2014.09.16"]

1. d4 c5 2. d5 e5 3. dxe6 fxe6 4. e4 Nc6 5. c3 Nf6 6. Nd2 d5 7. Qc2 Bd6 8. g3
O-O 9. Bg2 Ng4 10. Ndf3 dxe4 11. Qxe4 e5 12. h3 Nf6 13. Qc4+ Kh8 14. Ng5 Qe7
15. Be3 Bf5 16. O-O-O Rac8 17. Ne4 b5 18. Qd3 Nd4 19. Bg5 Qe8 20. Kb1 Nd7 21.
cxd4 cxd4 22. f3 Nc5 23. Qe2 Qg6 24. h4 h6 25. g4 Bxe4+ 26. fxe4 hxg5 27. hxg5+
Kg8 28. Qxb5 Rf2 29. Qc4+ Qf7 30. Qxf7+ Kxf7 31. g6+ Ke7 32. Bf3 Rb8 33. b3 Na4
34. Ne2 Rxf3 35. Rh7 Kf6 0-1

[Event "14th IPCA WORLD INDIVIDUAL CHESS CH 201"]
[Site "Apatin - Banja Junakovic"]
[Date "2014.09.16"]
[Round "1.4"]
[White "Vodyasov, Evgeny"]
[Black "Ursic, Aleksander"]
[Result "0-1"]
[WhiteElo "2220"]
[BlackElo "1939"]
[PlyCount "70"]
[EventDate "2014.09.16"]

1. d4 Nf6 2. Nf3 e6 3. e3 b6 4. Bd3 Bb7 5. Nbd2 d5 6. O-O Be7 7. b3 O-O 8. Bb2
Nbd7 9. Ne5 Nxe5 10. dxe5 Nd7 11. f4 g6 12. g4 Bc5 13. Qe2 Qh4 14. Rf2 a5 15.
a4 Rac8 16. Rg2 Qe7 17. Nf3 f6 18. exf6 Nxf6 19. Ne5 Nd7 20. g5 Rxf4 21. Bxg6
Nxe5 22. Bxe5 hxg6 23. Bxf4 e5 24. Bg3 d4 25. Rf2 Qxg5 26. Qc4+ Kh7 27. Qe6
dxe3 28. Rf7+ Kh6 29. Qh3+ Qh5 30. Qxh5+ Kxh5 31. Kf1 Bd4 32. Rd1 Be4 33. Bxe5
Bxe5 34. Re7 Rf8+ 35. Kg1 Rf5 0-1

[Event "14th IPCA WORLD INDIVIDUAL CHESS CH 201"]
[Site "Apatin - Banja Junakovic"]
[Date "2014.09.16"]
[Round "1.5"]
[White "Moskvin, Anatoly"]
[Black "Mikheev, Stanislav"]
[Result "0-1"]
[WhiteElo "1870"]
[BlackElo "2195"]
[PlyCount "110"]
[EventDate "2014.09.16"]

1. e4 e6 2. c4 d5 3. exd5 exd5 4. cxd5 Nf6 5. Nc3 Nxd5 6. Nf3 Nc6 7. Bb5 Qe7+
8. Qe2 Qxe2+ 9. Nxe2 Bd7 10. O-O Bd6 11. b3 Ne5 12. Bc4 Nxf3+ 13. gxf3 Nb4 14.
Nd4 O-O 15. Ba3 a5 16. Bxb4 axb4 17. Nb5 Bf4 18. Rfe1 Rfe8 19. Rxe8+ Rxe8 20.
Rc1 Re5 21. Nd4 Rg5+ 22. Kh1 c5 23. Nc2 Bc6 24. Ne1 Rh5 25. Bf1 Bxh2 26. Bg2
Bf4+ 27. Kg1 Rd5 28. Rd1 Rxd2 29. Rxd2 Bxd2 30. Nd3 b6 31. Ne5 Bd5 32. Nc4 Bxc4
33. bxc4 Kf8 34. Kf1 Ke7 35. Ke2 Bf4 36. Kd3 f5 37. Bh3 g6 38. Bg2 Kd6 39. Bf1
Ke5 40. Bg2 Bc1 41. Kc2 Bg5 42. Kd3 Kf4 43. Ke2 Bf6 44. Kd3 Bh4 45. Ke2 Bd8 46.
Kd3 h5 47. Ke2 Bf6 48. Kd3 Bd4 49. Ke2 h4 50. Kf1 b5 51. cxb5 c4 52. Ke2 b3 53.
axb3 cxb3 54. Kd3 b2 55. Kc2 Bxf2 0-1

[Event "14th IPCA WORLD INDIVIDUAL CHESS CH 201"]
[Site "Apatin - Banja Junakovic"]
[Date "2014.09.16"]
[Round "1.6"]
[White "Vovk, Viktor"]
[Black "Tocklin, Tomi"]
[Result "1-0"]
[WhiteElo "2172"]
[BlackElo "1859"]
[PlyCount "59"]
[EventDate "2014.09.16"]

1. e4 c6 2. d4 d5 3. e5 c5 4. c3 Nc6 5. Nf3 Bg4 6. Be3 Bxf3 7. Qxf3 cxd4 8.
cxd4 e6 9. Nc3 Qb6 10. Qe2 Nge7 11. Qb5 Nf5 12. Bd3 Qxb5 13. Nxb5 Nxe3 14. fxe3
Bb4+ 15. Ke2 O-O 16. Rac1 a6 17. Nc3 Rac8 18. Na4 Na7 19. a3 Be7 20. Nb6 Rxc1
21. Rxc1 Rb8 22. g4 a5 23. Kf3 Bd8 24. Nd7 Rc8 25. Rxc8 Nxc8 26. e4 Ne7 27.
exd5 Nxd5 28. Ke4 Bg5 29. Bc4 Ne7 30. a4 {...38} 1-0

[Event "14th IPCA WORLD INDIVIDUAL CHESS CH 201"]
[Site "Apatin - Banja Junakovic"]
[Date "2014.09.16"]
[Round "1.7"]
[White "Kestlane, Harry"]
[Black "Valenta, Vit"]
[Result "0-1"]
[WhiteElo "1843"]
[BlackElo "2134"]
[PlyCount "104"]
[EventDate "2014.09.16"]

1. e4 e5 2. Nf3 Nc6 3. Bb5 a6 4. Ba4 Nf6 5. d3 d6 6. c3 Be7 7. O-O O-O 8. Re1
b5 9. Bc2 Re8 10. Nbd2 Bf8 11. Nf1 g6 12. Be3 Bg7 13. Qd2 d5 14. Bg5 dxe4 15.
dxe4 Qxd2 16. N3xd2 h6 17. Be3 Ng4 18. Bc5 Nd8 19. f3 Ne6 20. Ba3 Nf6 21. Ne3
Bb7 22. Nb3 Rad8 23. Rad1 h5 24. Rxd8 Rxd8 25. Rd1 Rxd1+ 26. Nxd1 Nd7 27. Ne3
c5 28. Nd5 Bf8 29. Na5 Bxd5 30. exd5 Nf4 31. Nc6 Nxd5 32. c4 Ne3 33. cxb5 axb5
34. Bb3 b4 35. Bxb4 cxb4 36. Nd8 Bc5 37. Kh1 Bd4 38. Nxf7 Kg7 39. Ng5 Nc5 40.
Bf7 Kf6 41. h4 Nf5 42. Bg8 Nxh4 43. Ne4+ Nxe4 44. fxe4 g5 45. a3 bxa3 46. bxa3
g4 47. g3 Nf3 48. Kg2 Kg5 49. Bc4 h4 50. gxh4+ Nxh4+ 51. Kg3 Bc3 52. Kf2 Kf4
0-1

[Event "14th IPCA WORLD INDIVIDUAL CHESS CH 201"]
[Site "Apatin - Banja Junakovic"]
[Date "2014.09.16"]
[Round "1.8"]
[White "Kozhabekov, Adilkhan"]
[Black "Kaydanovich, Marina"]
[Result "1-0"]
[WhiteElo "2103"]
[BlackElo "1824"]
[PlyCount "51"]
[EventDate "2014.09.16"]

1. Nf3 d5 2. b3 Nf6 3. Bb2 Bg4 4. e3 e6 5. Be2 Bd6 6. O-O O-O 7. c4 c6 8. d4
Nbd7 9. Nbd2 Re8 10. Ne5 Bxe2 11. Qxe2 Bf8 12. f4 Nxe5 13. fxe5 Nd7 14. Rf3 f5
15. exf6 Nxf6 16. e4 Rc8 17. Raf1 c5 18. dxc5 Bxc5+ 19. Kh1 d4 20. e5 Ng4 21.
Qe4 Ne3 22. Rh3 g6 23. Rf7 Qg5 24. Rhxh7 Nf5 25. Qxb7 Rf8 26. Ne4 1-0

[Event "14th IPCA WORLD INDIVIDUAL CHESS CH 201"]
[Site "Apatin - Banja Junakovic"]
[Date "2014.09.16"]
[Round "1.10"]
[White "Strekalovski, Viktor"]
[Black "Pilimon, Zbigniew"]
[Result "1-0"]
[WhiteElo "2057"]
[BlackElo "1706"]
[PlyCount "77"]
[EventDate "2014.09.16"]

1. g4 d5 2. Bg2 e5 3. c4 Be6 4. Qb3 Ne7 5. Qxb7 Nd7 6. cxd5 Bxg4 7. d6 cxd6 8.
Qxa8 Qxa8 9. Bxa8 d5 10. Nc3 Nb6 11. Bb7 Kd7 12. Ba6 Nc6 13. Bb5 d4 14. Na4 Nd5
15. a3 Be7 16. b4 f5 17. Bc4 Nf4 18. h3 Bh5 19. e3 Ng2+ 20. Kf1 Nh4 21. Be2 Bf7
22. exd4 Bd5 23. Rh2 Nxd4 24. f3 Bd6 25. Bb2 Nb3 26. Rd1 Rf8 27. Nc3 Bb7 28.
Rf2 g5 29. d4 Nxd4 30. Nb5 Nxb5 31. Bxb5+ Ke7 32. Rfd2 Bxf3 33. Rxd6 Bxd1 34.
Rd7+ Ke6 35. Rxd1 g4 36. Bc4+ Kf6 37. Rd6+ Kg5 38. Bxe5 Re8 39. Bf6+ 1-0

[Event "14th IPCA WORLD INDIVIDUAL CHESS CH 201"]
[Site "Apatin - Banja Junakovic"]
[Date "2014.09.16"]
[Round "1.11"]
[White "Riekkinen, Keijo"]
[Black "Tersinsev, Andrey"]
[Result "0-1"]
[WhiteElo "1671"]
[BlackElo "2043"]
[PlyCount "78"]
[EventDate "2014.09.16"]

1. c4 c6 2. Nc3 d5 3. cxd5 cxd5 4. Nf3 Nc6 5. d4 Nf6 6. Bf4 a6 7. e3 e6 8. Bd3
Be7 9. a3 Bd7 10. Ng5 Rc8 11. h4 Na5 12. h5 h6 13. Nf3 b5 14. Ne5 Nc4 15. Nxc4
bxc4 16. Be2 Qb6 17. Qc2 Bd6 18. Bxd6 Qxd6 19. Bf3 Bc6 20. Rh3 Nd7 21. Rg3 O-O
22. Be2 f5 23. Rh3 Nf6 24. f3 Nh7 25. f4 Nf6 26. Bf3 Rb8 27. Rh4 Qd7 28. g4
fxg4 29. Bxg4 Nxg4 30. Rxg4 e5 31. Qg2 exd4 32. exd4 Rfe8+ 33. Kf1 Rxb2 34.
Rxg7+ Qxg7 35. Qxb2 Qxd4 36. Qg2+ Kh8 37. Re1 Rxe1+ 38. Kxe1 Qxc3+ 39. Kf1 Qa1+
0-1

[Event "14th IPCA WORLD INDIVIDUAL CHESS CH 201"]
[Site "Apatin - Banja Junakovic"]
[Date "2014.09.16"]
[Round "1.12"]
[White "Linqvist, Grels"]
[Black "Diachina, Olga"]
[Result "1-0"]
[WhiteElo "2026"]
[BlackElo "1607"]
[PlyCount "41"]
[EventDate "2014.09.16"]

1. Nf3 d5 2. d4 Nc6 3. Bf4 Bf5 4. e3 a6 5. Bd3 Bg4 6. a3 e6 7. Nbd2 Bd6 8. Bxd6
Qxd6 9. c4 Nf6 10. Qc2 Rd8 11. O-O O-O 12. Rac1 dxc4 13. Nxc4 Qd5 14. Nce5 Bxf3
15. Nxf3 Qh5 16. h3 Qh6 17. Bxa6 bxa6 18. Qxc6 Rb8 19. b4 Rfd8 20. Qxa6 Rb6 21.
Qa7 1-0

[Event "14th IPCA WORLD INDIVIDUAL CHESS CH 201"]
[Site "Apatin - Banja Junakovic"]
[Date "2014.09.16"]
[Round "1.13"]
[White "Aristov, Pavel"]
[Black "Zavarsky, Juraj"]
[Result "0-1"]
[WhiteElo "1552"]
[BlackElo "2012"]
[PlyCount "42"]
[EventDate "2014.09.16"]

1. e4 e6 2. d4 c5 3. Nf3 cxd4 4. Qxd4 Nc6 5. Qa4 Nf6 6. Nc3 Qc7 7. Bb5 b6 8.
Bxc6 Qxc6 9. Qxc6 dxc6 10. Bf4 Bb4 11. e5 Ne4 12. Bd2 Nxd2 13. Nxd2 Ba6 14.
Nce4 O-O-O 15. O-O-O h6 16. c3 Be7 17. Kc2 Bd3+ 18. Kb3 Rd5 19. f4 Rb5+ 20. Ka4
Bc4 21. Nb3 Ra5+ 0-1

[Event "14th IPCA WORLD INDIVIDUAL CHESS CH 201"]
[Site "Apatin - Banja Junakovic"]
[Date "2014.09.16"]
[Round "1.14"]
[White "Denisov, Denis"]
[Black "Konkolova, Nikola"]
[Result "1-0"]
[WhiteElo "1995"]
[BlackElo "1485"]
[PlyCount "34"]
[EventDate "2014.09.16"]

1. d4 d5 2. c4 c6 3. Nc3 Bf5 4. Qb3 Qb6 5. Qxb6 axb6 6. cxd5 cxd5 7. Nxd5 Nd7
8. Nc7+ Kd8 9. Nxa8 e6 10. Bf4 Bb4+ 11. Kd1 Ke7 12. f3 Ngf6 13. Nc7 Rc8 14. Rc1
Rd8 15. a3 Bd6 16. Bxd6+ Kxd6 17. e4 Nxe4 1-0

[Event "14th IPCA WORLD INDIVIDUAL CHESS CH 201"]
[Site "Apatin - Banja Junakovic"]
[Date "2014.09.16"]
[Round "1.15"]
[White "Sataeva, Lana"]
[Black "Tsapalin, Sergey"]
[Result "0-1"]
[WhiteElo "1483"]
[BlackElo "1987"]
[PlyCount "118"]
[EventDate "2014.09.16"]

1. e4 c5 2. Nf3 Nc6 3. d4 cxd4 4. Nxd4 e5 5. Nf5 d5 6. Bb5 Qa5+ 7. Nc3 d4 8.
Nxd4 exd4 9. Qxd4 Qxb5 10. Nxb5 Nxd4 11. Nxd4 Bd7 12. f4 Bc5 13. c3 Nf6 14. e5
Bxd4 15. cxd4 Nd5 16. Bd2 Ke7 17. O-O Rhc8 18. f5 Rc2 19. Bg5+ f6 20. Bh4 Bc6
21. Rf2 Rxf2 22. Kxf2 Kf7 23. e6+ Ke7 24. g4 h6 25. Bg3 Nb4 26. b3 Rd8 27. Rd1
Rd5 28. Bf4 Nxa2 29. Be3 Nc3 30. Ra1 a6 31. h4 Rb5 32. Ra3 Nd1+ 33. Ke2 Nxe3
34. Kxe3 Bd5 35. Ra1 Rxb3+ 36. Kf2 Rf3+ 37. Ke2 Rf4 38. Rc1 Kd8 39. Ke3 Re4+
40. Kd3 Rxg4 41. Rc5 Be4+ 42. Kc3 b6 43. Rc4 Rxh4 44. d5 Rh3+ 45. Kb4 a5+ 46.
Ka4 b5+ 47. Kxb5 Bd3 48. Kc6 Bxc4 49. d6 Bxe6 50. fxe6 Rc3+ 51. Kd5 a4 52. Ke4
a3 53. Kf5 a2 54. Kg6 a1=Q 55. Kf7 Qa2 56. d7 Re3 57. Kxg7 Qxe6 58. Kxh6 Qg8
59. Kh5 Rh3# 0-1

[Event "14th IPCA WORLD INDIVIDUAL CHESS CH 201"]
[Site "Apatin - Banja Junakovic"]
[Date "2014.09.16"]
[Round "1.16"]
[White "Melnik, Galina"]
[Black "Sergeeva, Anna"]
[Result "1-0"]
[WhiteElo "1971"]
[BlackElo "1274"]
[PlyCount "77"]
[EventDate "2014.09.16"]

1. d4 d5 2. Nf3 Nc6 3. c4 Nf6 4. cxd5 Nxd5 5. e4 Nf6 6. Nc3 e5 7. d5 Nb4 8. a3
Na6 9. Bb5+ Bd7 10. Bxa6 bxa6 11. Nxe5 Bd6 12. Nxd7 Qxd7 13. O-O O-O 14. f4
Rfe8 15. e5 Bc5+ 16. Kh1 Ng4 17. Qf3 f6 18. e6 Qd6 19. Qxg4 Rf8 20. f5 Qe5 21.
Bh6 g6 22. fxg6 f5 23. Qh5 Rf6 24. Bg7 Kxg7 25. Qxh7+ Kf8 26. e7+ Ke8 27. Rae1
Be3 28. g7 Kd7 29. e8=Q+ Rxe8 30. g8=Q+ Re7 31. Qhh8 Kd6 32. Qa8 Rd7 33. Qc6+
Ke7 34. Qg7+ Ke8 35. Qgxf6 Qxf6 36. Qxf6 Re7 37. Qxf5 Kd8 38. Qh3 Ke8 39. Qc8#
1-0

[Event "14th IPCA WORLD INDIVIDUAL CHESS CH 201"]
[Site "Apatin - Banja Junakovic"]
[Date "2014.09.16"]
[Round "1.9"]
[White "Kurochkina, Elena"]
[Black "Kovacevic, Krsto"]
[Result "0-1"]
[WhiteElo "1768"]
[BlackElo "2068"]
[PlyCount "56"]
[EventDate "2014.09.16"]

1. d4 Nf6 2. c4 e6 3. Nf3 b6 4. a3 Bb7 5. g3 c5 6. e3 Be7 7. Bg2 O-O 8. O-O d5
9. dxc5 bxc5 10. Qc2 Nbd7 11. Rd1 Qb6 12. Nc3 dxc4 13. Nd2 Bxg2 14. Kxg2 Qb7+
15. Kg1 Ne5 16. f4 Nf3+ 17. Nxf3 Qxf3 18. Rf1 Qb7 19. Ne2 Qe4 20. Qa4 Nd5 21.
Kf2 Nb6 22. Qa5 Rfd8 23. Nc3 Qc2+ 24. Kg1 Bf6 25. Rf2 Bxc3 26. bxc3 Rd1+ 27.
Rf1 Rxf1+ 28. Kxf1 Rd8 0-1

[Event "14th IPCA WORLD INDIVIDUAL CHESS CH 201"]
[Site "Apatin - Banja Junakovic"]
[Date "2014.09.17"]
[Round "2.1"]
[White "Tersinsev, Andrey"]
[Black "Obodchuk, Andrei"]
[Result "0-1"]
[WhiteElo "2043"]
[BlackElo "2370"]
[PlyCount "60"]
[EventDate "2014.09.16"]

1. d4 Nf6 2. c4 e6 3. Nc3 Bb4 4. f3 c5 5. d5 b5 6. e4 O-O 7. Bd2 exd5 8. cxd5
a6 9. Bd3 d6 10. Nge2 c4 11. Bc2 Bc5 12. Bg5 Nbd7 13. Nd4 Qb6 14. Nce2 Bb4+ 15.
Nc3 h6 16. Bh4 Nh5 17. Bf2 Bc5 18. Nce2 Ne5 19. O-O a5 20. h3 b4 21. g4 Nf6 22.
Kg2 Ba6 23. Nf5 Rfe8 24. Ned4 b3 25. axb3 cxb3 26. Bxb3 Bxf1+ 27. Kxf1 Rab8 28.
f4 Qa6+ 29. Kg2 Nd3 30. e5 Nxf4+ 0-1

[Event "14th IPCA WORLD INDIVIDUAL CHESS CH 201"]
[Site "Apatin - Banja Junakovic"]
[Date "2014.09.17"]
[Round "2.2"]
[White "Yarmonov, Igor"]
[Black "Linqvist, Grels"]
[Result "1-0"]
[WhiteElo "2361"]
[BlackElo "2026"]
[PlyCount "113"]
[EventDate "2014.09.16"]

1. d4 d5 2. Nf3 Nf6 3. c4 c6 4. e3 e6 5. Bd3 Nbd7 6. O-O Bd6 7. Nc3 dxc4 8.
Bxc4 O-O 9. e4 e5 10. Be3 exd4 11. Bxd4 Qc7 12. h3 Ne5 13. Nxe5 Bxe5 14. Re1 b6
15. Bf1 Bb7 16. Bxe5 Qxe5 17. g3 Rfe8 18. Bg2 Rad8 19. Qe2 Re7 20. f4 Qc5+ 21.
Kh2 Red7 22. Rad1 Rxd1 23. Rxd1 Qe7 24. Rxd8+ Qxd8 25. e5 Ne8 26. h4 Kf8 27.
Qe3 Nc7 28. Ne2 Ba8 29. Qa3+ c5 30. Qxa7 Bxg2 31. Kxg2 Qd5+ 32. Kf2 Qc6 33. Nc3
Ne6 34. Qa4 Qh1 35. Qe4 Qh2+ 36. Qg2 Qxg2+ 37. Kxg2 Ke8 38. Nb5 Kd7 39. f5 Nd8
40. Nd6 f6 41. exf6 gxf6 42. Ne4 Ke7 43. Kf3 Nf7 44. Kg4 Nh6+ 45. Kf4 Nf7 46.
b3 Ne5 47. g4 Nd3+ 48. Ke3 Ne5 49. g5 fxg5 50. hxg5 Nd7 51. Kf4 Kf7 52. a4 Ke7
53. Nd2 Kd6 54. Ke4 Ke7 55. Nc4 Kf7 56. Ne5+ Ke7 57. Nxd7 1-0

[Event "14th IPCA WORLD INDIVIDUAL CHESS CH 201"]
[Site "Apatin - Banja Junakovic"]
[Date "2014.09.17"]
[Round "2.3"]
[White "Mikheev, Stanislav"]
[Black "Denisov, Denis"]
[Result "1-0"]
[WhiteElo "2195"]
[BlackElo "1995"]
[PlyCount "45"]
[EventDate "2014.09.16"]

1. d4 Nf6 2. c4 e6 3. Nf3 b6 4. g3 Ba6 5. Qc2 Bb7 6. Bg2 c5 7. d5 exd5 8. cxd5
Nxd5 9. O-O Nb4 10. Qa4 Bc6 11. Qb3 Bd5 12. Qd1 Bc6 13. Nc3 Be7 14. Bf4 O-O 15.
a3 N4a6 16. Nd5 Re8 17. Rb1 b5 18. Qd2 Bf8 19. Rfd1 Qc8 20. Qc2 Bxd5 21. Ng5
Be4 22. Bxe4 h6 23. Bh7+ 1-0

[Event "14th IPCA WORLD INDIVIDUAL CHESS CH 201"]
[Site "Apatin - Banja Junakovic"]
[Date "2014.09.17"]
[Round "2.4"]
[White "Zavarsky, Juraj"]
[Black "Vovk, Viktor"]
[Result "1/2-1/2"]
[WhiteElo "2012"]
[BlackElo "2172"]
[PlyCount "29"]
[EventDate "2014.09.16"]

1. e4 e5 2. Nf3 Nc6 3. Bb5 a6 4. Ba4 Nf6 5. O-O b5 6. Bb3 Be7 7. Re1 d6 8. c3
O-O 9. h3 Bb7 10. d4 h6 11. Nbd2 Re8 12. Nf1 Bf8 13. Ng3 Na5 14. Bc2 g6 15. b3
1/2-1/2

[Event "14th IPCA WORLD INDIVIDUAL CHESS CH 201"]
[Site "Apatin - Banja Junakovic"]
[Date "2014.09.17"]
[Round "2.5"]
[White "Valenta, Vit"]
[Black "Melnik, Galina"]
[Result "1-0"]
[WhiteElo "2134"]
[BlackElo "1971"]
[PlyCount "73"]
[EventDate "2014.09.16"]

1. b4 c6 2. c4 e6 3. Bb2 Nf6 4. a3 d5 5. e3 Nbd7 6. Nf3 a5 7. b5 Bd6 8. d4 cxb5
9. c5 Be7 10. Bxb5 O-O 11. O-O Nb8 12. Ne5 Nfd7 13. Nd3 Nc6 14. f4 f5 15. Nd2
Nf6 16. Nf3 Bd7 17. a4 Ne4 18. Nd2 Nxd2 19. Qxd2 Qe8 20. Bc3 Bd8 21. Rfb1 Bc7
22. Ne5 Nxe5 23. dxe5 Ra7 24. Rb2 Bc6 25. Rab1 Qc8 26. Bd4 Qa8 27. Qe2 Qc8 28.
g4 g6 29. gxf5 gxf5 30. Qh5 Kh8 31. Rg2 Qe8 32. Qg5 Qf7 33. Qf6+ Qxf6 34. exf6
Rf7 35. Be2 Bd8 36. Bh5 Rxf6 37. Bf7 1-0

[Event "14th IPCA WORLD INDIVIDUAL CHESS CH 201"]
[Site "Apatin - Banja Junakovic"]
[Date "2014.09.17"]
[Round "2.6"]
[White "Tsapalin, Sergey"]
[Black "Kozhabekov, Adilkhan"]
[Result "1/2-1/2"]
[WhiteElo "1987"]
[BlackElo "2103"]
[PlyCount "98"]
[EventDate "2014.09.16"]

1. d4 Nf6 2. c4 e6 3. Nc3 Bb4 4. f3 d5 5. a3 Bxc3+ 6. bxc3 c5 7. cxd5 exd5 8.
e3 O-O 9. Bd3 Nc6 10. Ne2 b6 11. O-O Re8 12. Ng3 Bd7 13. Re1 Rc8 14. Bb2 cxd4
15. cxd4 h5 16. e4 h4 17. Nh1 dxe4 18. Bxe4 Be6 19. Nf2 Na5 20. Qd3 Bc4 21. Qd1
Nd5 22. Rc1 Nf4 23. Kh1 Qg5 24. Rg1 Qb5 25. Rb1 h3 26. Nxh3 Nxh3 27. gxh3 Be2
28. Rxg7+ Kxg7 29. d5+ Qxb2 30. Qg1+ Kf8 31. Rxb2 Rxe4 32. Qf2 Bd3 33. Rd2 Rc1+
34. Kg2 Bf1+ 35. Kg3 Re5 36. f4 Rc3+ 37. Kg4 Bxh3+ 38. Kh4 Ree3 39. Kg5 Nc4 40.
Re2 Ke7 41. Rxe3+ Rxe3 42. Qc2 b5 43. a4 a6 44. axb5 axb5 45. Qb1 Bd7 46. Qb4+
Nd6 47. Qd4 Ne4+ 48. Kh6 Re2 49. Qe5+ Kf8 1/2-1/2

[Event "14th IPCA WORLD INDIVIDUAL CHESS CH 201"]
[Site "Apatin - Banja Junakovic"]
[Date "2014.09.17"]
[Round "2.7"]
[White "Kovacevic, Krsto"]
[Black "Venkata, Krishna Karthik K"]
[Result "0-1"]
[WhiteElo "2068"]
[BlackElo "1967"]
[PlyCount "72"]
[EventDate "2014.09.16"]

1. e4 e5 2. Nf3 Nc6 3. Bc4 Bc5 4. c3 Nf6 5. d3 Qe7 6. b4 Bb6 7. a4 a6 8. O-O d6
9. Nbd2 O-O 10. Bb3 Be6 11. Nc4 Ba7 12. Bg5 h6 13. Bh4 Bxc4 14. Bxc4 Nd8 15.
Re1 Ne6 16. d4 Nf4 17. Bg3 g5 18. Bxf4 gxf4 19. Nh4 Kh7 20. Nf5 Qe8 21. Qf3 Rg8
22. Rad1 Rg6 23. Kh1 Rd8 24. g3 Qd7 25. gxf4 exd4 26. cxd4 d5 27. Bd3 dxe4 28.
Bxe4 Nxe4 29. Qxe4 Re6 30. Qc2 Qd5+ 31. Kg1 Rg6+ 32. Ng3 Kh8 33. Re5 Qf3 34. f5
Rg4 35. Rd3 Qf4 36. Re4 Qxe4 0-1

[Event "14th IPCA WORLD INDIVIDUAL CHESS CH 201"]
[Site "Apatin - Banja Junakovic"]
[Date "2014.09.17"]
[Round "2.9"]
[White "Ursic, Aleksander"]
[Black "Aleksandrova, Aleksandra"]
[Result "0-1"]
[WhiteElo "1939"]
[BlackElo "1947"]
[PlyCount "114"]
[EventDate "2014.09.16"]

1. d4 d5 2. Bf4 e6 3. e3 g5 4. Bg3 h5 5. h3 Bd6 6. Bxd6 Qxd6 7. Nf3 Qb4+ 8. Nc3
Qxb2 9. Nb5 Qb4+ 10. Qd2 Qe7 11. Bd3 c6 12. Nc3 Nd7 13. e4 dxe4 14. Nxe4 f6 15.
Nexg5 fxg5 16. Bg6+ Kf8 17. Nxg5 Kg7 18. Bd3 Rh6 19. O-O Ndf6 20. Rae1 Qd6 21.
c3 Nd5 22. Re5 Bd7 23. Rfe1 Rf8 24. g3 Rhf6 25. Ne4 Qa3 26. Rg5+ Kf7 27. Rxh5
Ke7 28. Nxf6 Ngxf6 29. Rhe5 Kd8 30. c4 Nc7 31. Ra5 Qd6 32. Rxa7 Qxd4 33. Rxb7
Bc8 34. Rb3 Rg8 35. Re3 Ke7 36. Qe2 Na6 37. Bf5 Nc5 38. Rb8 Bd7 39. Rxg8 Nxg8
40. Bg4 Nf6 41. Bf3 Na4 42. h4 Qa1+ 43. Kg2 Nc3 44. Qc2 Nxa2 45. Ra3 Nb4 46.
Qb3 Qe1 47. Ra7 c5 48. Qb2 Nd3 49. Qe2 Qc3 50. Bc6 Qxc4 51. Qe3 Kd6 52. Bxd7
Nxd7 53. Ra3 N7e5 54. f4 Qc2+ 55. Kh3 Nf2+ 56. Kg2 Nfg4+ 57. Kg1 Qd1+ 0-1

[Event "14th IPCA WORLD INDIVIDUAL CHESS CH 201"]
[Site "Apatin - Banja Junakovic"]
[Date "2014.09.17"]
[Round "2.10"]
[White "Balberov, Alexander"]
[Black "Kurochkina, Elena"]
[Result "1-0"]
[WhiteElo "2380"]
[BlackElo "1768"]
[PlyCount "59"]
[EventDate "2014.09.16"]

1. e4 c5 2. Nf3 Nc6 3. Bb5 e6 4. O-O Nge7 5. Re1 a6 6. Bf1 g6 7. d4 cxd4 8.
Nxd4 Bg7 9. Nb3 O-O 10. Nc3 Qc7 11. Bg5 b5 12. Qd2 b4 13. Nd1 d5 14. Bh6 dxe4
15. Bxg7 Kxg7 16. Rxe4 Rd8 17. Qc1 Rd5 18. c3 Rh5 19. h3 bxc3 20. Qxc3+ Kg8 21.
Rc1 Qb6 22. Ne3 Bb7 23. Be2 Nd5 24. Qc5 Re5 25. Rxe5 Nxe5 26. Nxd5 Qxc5 27.
Nf6+ Kg7 28. Rxc5 Bxg2 29. Kxg2 Kxf6 30. f4 1-0

[Event "14th IPCA WORLD INDIVIDUAL CHESS CH 201"]
[Site "Apatin - Banja Junakovic"]
[Date "2014.09.17"]
[Round "2.11"]
[White "Pilimon, Zbigniew"]
[Black "Vodyasov, Evgeny"]
[Result "0-1"]
[WhiteElo "1706"]
[BlackElo "2220"]
[PlyCount "78"]
[EventDate "2014.09.16"]

1. d4 e6 2. c4 f5 3. Nc3 Nf6 4. Nf3 Bb4 5. e3 b6 6. Bd3 Bb7 7. O-O O-O 8. a3
Bxc3 9. bxc3 d6 10. Re1 Nbd7 11. Nd2 Ne4 12. f3 Nxd2 13. Qxd2 e5 14. e4 f4 15.
Qf2 Qf6 16. Ra2 Rae8 17. a4 a5 18. Ba3 c5 19. Rd2 Re6 20. Bf1 Qe7 21. Red1 Bc8
22. dxc5 dxc5 23. g3 fxg3 24. hxg3 Rg6 25. Bh3 Nf6 26. Bxc8 Nxe4 27. fxe4 Rxf2
28. Kxf2 Rf6+ 29. Kg2 Rf8 30. Bf5 g6 31. Rd7 Qe8 32. Bg4 Qa8 33. Be6+ Kh8 34.
Bd5 Qc8 35. Be6 Qc6 36. R7d5 Qxe6 37. Bc1 Qg4 38. Bh6 Qf3+ 39. Kg1 Qxg3+ 0-1

[Event "14th IPCA WORLD INDIVIDUAL CHESS CH 201"]
[Site "Apatin - Banja Junakovic"]
[Date "2014.09.17"]
[Round "2.12"]
[White "Jennitha, Anto K"]
[Black "Riekkinen, Keijo"]
[Result "1-0"]
[WhiteElo "1953"]
[BlackElo "1671"]
[PlyCount "91"]
[EventDate "2014.09.16"]

1. e4 c6 2. d4 d5 3. e5 e6 4. Bd3 Nd7 5. Nf3 Ne7 6. O-O c5 7. c3 c4 8. Bc2 b5
9. a4 Qb6 10. Na3 b4 11. cxb4 Qxb4 12. Nb5 Nc6 13. Bd2 Qe7 14. Nc7+ Kd8 15.
Nxa8 Bb7 16. b3 cxb3 17. Bxb3 Bxa8 18. Qe2 Ndb8 19. Rfc1 Bb7 20. Qe1 Nb4 21.
Bxb4 Qxb4 22. Rab1 Qxe1+ 23. Nxe1 Na6 24. Nd3 Bc8 25. Bd1 Be7 26. a5 f6 27. Ba4
Rf8 28. f4 g5 29. fxg5 fxg5 30. Bc6 Nc7 31. Rb8 a6 32. Bb7 Kd7 33. Nc5+ Bxc5
34. Rxc5 h5 35. Rc6 Bxb7 36. Rd6+ Ke7 37. Rxb7 Rc8 38. Rxa6 Kd8 39. Rd6+ Ke8
40. a6 Na8 41. Rxe6+ Kd8 42. Rh6 Rc1+ 43. Kf2 Nc7 44. Rh8+ Kd7 45. Rh7+ Kc8 46.
Rhxc7+ 1-0